東海道本線に乗り入れる車両 - Statistics

General Stats
  • This quiz has been taken 341 times
  • The average score is 23 of 30
Answer Stats
ヒント 答え % Correct
E233系
96%
E231系
95%
313系
90%
315系
89%
223系
88%
E235系
88%
221系
87%
225系
87%
JR東海 211系
86%
311系
85%
E257系
82%
683系
77%
285系
76%
321系
76%
681系
76%
373系
75%
E259系
74%
HC85系
74%
JR西日本 207系
73%
JR東日本 E217系
72%
E261系
69%
281系
67%
相模鉄道 12000系
66%
智頭急行 HOT7000系
65%
287系
64%
289系
62%
271系
59%
E531系
58%
E657系
57%
キハ189系
52%
No matching quizzes found
Score Distribution
Percent of People with Each Score
Percentile by Number Answered
Your Score History
You have not taken this quiz